| 000 | 02254cam a22005054i 4500 | ||
|---|---|---|---|
| 003 | PE-LiUPU | ||
| 005 | 20250731184520.0 | ||
| 008 | 150617s r 000 0 d | ||
| 035 | _a(Sirsi) a18664 | ||
| 040 |
_aPE-LiUPU _bspa _cPE-LiUPU _erda |
||
| 049 | _aPRUA | ||
| 082 | 0 | 4 |
_a980.3024 _bL85 _221 |
| 100 | 1 |
_aLlosa, Jorge Guillermo, _eautor. |
|
| 245 | 1 | 0 |
_aIdentidad histórica de América Latina / _cJorge Guillermo Llosa . |
| 264 | 1 |
_aLima : _bCONCYTEC, _c1990. |
|
| 300 |
_a233 páginas ; _c21 cm |
||
| 336 |
_atext _2rdacontent |
||
| 337 |
_aunmediated _2rdamedia |
||
| 338 |
_avolume _2rdacarrier |
||
| 505 | 0 | _aLa identidad y el nombre -- El continente aislado -- América mítica -- La conquista y el indio -- La civilización latina de la América española portuguesa -- La sociedad colonial hispanoamericana -- El siglo XVIII -- El siglo XIX. La independencia -- El siglo XIX. El nuevo colonialismo -- El siglo XX. La toma de conciencia política de América Latina -- América Latina y el tercer mundo. | |
| 526 | _aP136 | ||
| 526 | _aP135 | ||
| 526 | _aP134 | ||
| 526 | _aP133 | ||
| 526 | _aP144 | ||
| 526 | _aP143 | ||
| 526 | _aP87 | ||
| 526 | _aP35 | ||
| 526 | _aP20 | ||
| 526 | _aP14 | ||
| 526 | _aP10 | ||
| 526 | _aP06 | ||
| 651 |
_aAmérica Latina _xDescubrimiento y exploración. |
||
| 651 |
_aAmérica Latina _xHistoria _yHasta 1810 |
||
| 910 |
_ajck _bjvq _cjck _d20150616 |
||
| 942 |
_2ddc _cBOOK |
||
| 949 |
_a980.3024 L85 _wDEWEY _c1 _i58040 _lCCODEBUL1 _mBUL _p12 _r0 _sY _tBOOK _u20080220 _xBIBLIOTECA _zUNKNOWN _0COMPRA _o.STAFF. Colección General |
||
| 949 |
_a980.3024 L85 _wDEWEY _c2 _i33613 _lCCODEBUL1 _mBUL _p00.00 _r0 _sY _tBOOK _u19921104 _xEDUCACION _zUNKNOWN _0COMPRA _o.STAFF. Colección General |
||
| 994 |
_aC0 _bPEPRU |
||
| 596 | _a1 | ||
| 999 |
_a980.3024 L85 _wDEWEY _c18380 _i58040 _d18380 _e2019-8-6 _f2021-11-8 _g5 _lCCODEBUL1 _mBUL _n2 _q1 _r0 _sY _tBOOK _u2015-6-17 _xBIBLIOTECA _zUNKNOWN _0COMPRA _o.STAFF. Colección General |
||
| 999 |
_a980.3024 L85 _wDEWEY _c2 _i33613 _f2019-12-11 _g4 _lDISCARD _mBUL _r1 _sY _tBOOK _u2015-6-17 _xUNKNOWN _zUNKNOWN _0COMPRA _o.STAFF. Colección General |
||
| 980 |
_81 _gALBERTO SANCHEZ Responsable de Automatización |
||